Orientación nuevas tendencias y perspectivas

Guardat en:
Dades bibliogràfiques
Autors principals: Gordillo Álvarez-Valdés, María Victoria (Autor), González, Mario (Autor), Castillo Inzulza, Gabriel (Autor), Altarejos Masota, Francisco (Autor), Canessa, Luis (Autor), Guzmán, Andrés (Autor), San Miguel, Javier (Autor), Undurraga, Gonzalo (Autor), Vergés, Jaime (Autor), Lara, Francisco (Autor), Maltés Geraldo, Sergio (Autor)
Altres autors: Himmel König, Erika Gertrud (autora)
Format: Llibre
Idioma:espanyol
Publicat: Santiago Universidad Católica de Chile 1987
Matèries:
Etiquetes: Afegir etiqueta
Sense etiquetes, Sigues el primer a etiquetar aquest registre!

MARC

LEADER 00000nam a2200000 a 4500
001 UCZ8465
003 CL-VaPUC
008 960121e19870000CL |||||||||||||||||spa|d
082 0 4 |a 371.4  |b GOR  |2 21 
100 |a Gordillo Álvarez-Valdés, María Victoria  |e author  |9 463667 
700 0 |a González, Mario  |e author  |9 353734 
700 0 |a Castillo Inzulza, Gabriel  |e author  |9 353735 
700 0 |a Altarejos Masota, Francisco  |e author  |9 353736 
700 0 |a Canessa, Luis  |e author  |9 353737 
700 0 |a Guzmán, Andrés  |e author  |9 353738 
700 0 |a San Miguel, Javier  |e author  |9 353739 
700 0 |a Undurraga, Gonzalo  |e author  |9 353740 
700 0 |a Vergés, Jaime  |e author  |9 353741 
700 0 |a Lara, Francisco  |e author  |9 353742 
700 |a Himmel König, Erika Gertrud  |e autora  |9 353743 
700 0 |a Maltés Geraldo, Sergio  |e author  |9 353744 
245 1 0 |a Orientación nuevas tendencias y perspectivas 
300 |a 153 p 
942 |c BK 
945 |d 19960121 00:00:00  |a cmena 
260 |a Santiago  |b Universidad Católica de Chile  |c 1987 
650 7 |a ORIENTACION EDUCACIONAL  |2 CL-VaPUC  |9 312512 
650 0 |a Orientación profesional   |9 308504 
650 0 |a Vocación  |9 328817 
650 7 |a RENDIMIENTO  |2 CL-VaPUC  |9 260872 
650 0 |a Investigación educacional   |9 261192 
651 7 |a CHILE  |2 CL-VaPUC  |9 353745 
583 |a last modification  |c 20120313 10:55:08  |k Rodrigo Vera 
999 |c 244356  |d 244354 
952 |0 0  |1 0  |4 0  |6 371_400000000000000_GOR_1987  |7 0  |8 P  |9 258392  |a BIBEDU  |b BIBEDU  |c BIBEDU_PB  |d 2019-11-19  |i 161312K  |o 371.4 GOR 1987  |p 161312K  |r 2024-01-25  |w 2019-11-19  |y BK  |k EDU